BASIC MANAGERIAL SKILLS FOR ALL (Record no. 216402)

MARC details
000 -LEADER
fixed length control field 00420nam a22001577a 4500
008 - FIXED-LENGTH DATA ELEMENTS--GENERAL INFORMATION
fixed length control field 260105b |||||||| |||| 00| 0 eng d
020 ## - INTERNATIONAL STANDARD BOOK NUMBER
International Standard Book Number 978-81-203-4314-6
100 ## - MAIN ENTRY--PERSONAL NAME
Personal name MCGRATH, E. H
245 ## - TITLE STATEMENT
Title BASIC MANAGERIAL SKILLS FOR ALL
250 ## - EDITION STATEMENT
Edition statement 9TH ED
260 ## - PUBLICATION, DISTRIBUTION, ETC.
Place of publication, distribution, etc. DELHI
Name of publisher, distributor, etc. PHI LEARNING
Date of publication, distribution, etc. 2024
300 ## - PHYSICAL DESCRIPTION
Extent XXIII, 812P.
650 ## - SUBJECT ADDED ENTRY
Topical term or geographic name entry element 1. MANAGEMENT 2. EXECUTIVE ABILITY
942 ## - ADDED ENTRY ELEMENTS (KOHA)
Source of classification or shelving scheme Library of Congress Classification
Koha item type Long Loan Book
Holdings
Withdrawn status Lost status Source of classification or shelving scheme Damaged status Not for loan Collection Home library Current library Shelving location Date acquired Inventory number Total checkouts Full call number Barcode Date last seen Copy number Price effective from Koha item type
    Library of Congress Classification     Arts & Social Sciences Kisii University Library Kisii University Library On Display 01/05/2026 110712   HD 31 .M364 2024 000000001844 01/05/2026 C.1 01/05/2026 Long Loan Book
    Library of Congress Classification     Arts & Social Sciences Kisii University Library Kisii University Library On Display 01/05/2026 110713   HD 31 .M364 2024 000000001845 01/05/2026 C.2 01/05/2026 Long Loan Book
    Library of Congress Classification     Arts & Social Sciences Kisii University Library Kisii University Library On Display 01/05/2026 110714   HD 31 .M364 2024 000000001846 01/05/2026 C.3 01/05/2026 Long Loan Book
    Library of Congress Classification     Arts & Social Sciences Kisii University Library Kisii University Library On Display 01/05/2026 110715   HD 31 .M364 2024 000000002877 01/05/2026 C.4 01/05/2026 Long Loan Book